Etelä-Savon kunnat - Äkkikuolema - Statistics

Yleistilastot
  • Tätä visaa on pelattu 285 kertaa
  • Keskiarvotulos 7 / 11
Answers on the Grid
Answers color-coded by a green-red scale on the quiz's grid according to % correct below.
Anttola
Enonkoski
Hankasalmi
Hartola
Hirvensalmi
Juva
Kangasniemi
Kitee
Kuopio
Leppävirta
Luhanka
Mäntyharju
Mikkeli
Outokumpu
Parikkala
Pieksämäki
Puumala
Rantasalmi
Rautalampi
Savitaipale
Savonlinna
Savonranta
Sulkava
Suonenjoki
 
Vastaustilastot
Vastaus % Oikein
Mikkeli
86%
Juva
70%
Puumala
69%
Hirvensalmi
68%
Savonlinna
68%
Mäntyharju
66%
Kangasniemi
65%
Pieksämäki
63%
Enonkoski
60%
Rantasalmi
58%
Sulkava
58%
Ehtoja vastaavia visoja ei löytynyt
Tulosjakauma
Jokaisen tuloksen saaneiden osuus
Persentiili vastausten määrän mukaan
Tuloshistoriasi
Et ole pelannut tätä visaa